| 000 | 00989nam a2200265 a 4500 | ||
|---|---|---|---|
| 005 | 20010905110431.0 | ||
| 008 | 970417s1997 caua 001 0 eng | ||
| 010 | _aENG-92477 | ||
| 020 |
_c249.00 _a9788126516711 |
||
| 035 | _aEN-76010 | ||
| 037 | _bDBAD / PUB | ||
| 040 |
_adpl _bEnglish |
||
| 082 | _a650.13 | ||
| 100 | _aBoyer, Chuck | ||
| 245 |
_aGet your frog out of the well: _cby Chuck Boyer _bprivate lessons for the global economy / |
||
| 260 |
_aNew Delhi _bWiley India _c2008 |
||
| 270 |
_a4435/7, Ansari Road, Daryaganj, _bNew Delhi _e110002 |
||
| 300 |
_axii, 170p.: _c22 cm (pbk) _bill. |
||
| 500 | _aIncludes index | ||
| 650 | _aSuccess in business | ||
| 650 | _aCorporate culture | ||
| 650 | _aCommunications in organizations | ||
| 942 |
_2ddc _cEN _mBOY _h650.13 |
||
| 999 |
_c20895 _d20895 |
||